000 00354nam a22001337a 4500
003 OSt
005 20231212105404.0
008 231212b |||||||| |||| 00| 0 eng d
020 _a9789391502492
040 _c
245 _aManufacturing management and decision support systems
_cTomasi,Omar Mei
260 _bKnowledge Bakers
_c2023
942 _2ddc
_cBK
_n0
999 _c36014
_d36014